| 000 | 00791cam a2200277 4500 | ||
|---|---|---|---|
| 001 | 28613 | ||
| 010 | _a9722619098 | ||
| 005 | 20220405165317.0 | ||
| 021 |
_aPT _b168027/01 |
||
| 090 | _a28613 | ||
| 100 | _a20041015d2002 cm y0pory5003 ba | ||
| 101 | 0 | _apor | |
| 102 | _aPT | ||
| 105 | _aa z 000by | ||
| 106 | _ar | ||
| 930 | _lBECRE | ||
| 675 |
_a087.5 _92104 |
||
| 675 |
_a821.134.3-93"19" _vBN _zpor |
||
| 675 |
_a821.134.3-2"19" _vBN _zpor |
||
| 700 | 1 |
_aSoares, _bLuísa Ducla, _f1939- _92431 |
|
| 702 | 1 |
_aCorbel, _bAlain, _f1965- _4440 |
|
| 200 | 1 |
_aAs viagens de Guliver de Jonathan Swift _eadaptação livre _fLuísa Ducla Soares _gil. Alain Corbel |
|
| 210 |
_aPorto _cCivilização, _d2002 |
||
| 215 |
_a[60] p. _cil. _d26 cm |
||
| 225 | 2 | _aObra completa de Luísa Ducla Soares | |
| 990 | _cLIVROS | ||